Imiona na E - Statystyki

Ogólne statystyki
  • Ten quiz został rozwiązany 48 razy
  • Średni wynik to 13 z 32
Statystyki odpowiedzi
Hint Odpowiedź % Poprawnych
m Eryk
91%
m Edward
84%
ż Elżbieta
81%
ż Emilia
79%
m Emil
77%
ż Ewa
77%
ż Ewelina
77%
ż Eryka
65%
m Eugeniusz
63%
ż Edwarda
56%
ż Eugenia
56%
ż Eliza
51%
ż Edyta
44%
m Ernest
35%
m Edmund
33%
m Eustachy
33%
ż Elwira
30%
ż Emma
28%
m Erwin
26%
ż Estera
26%
m Emanuel
23%
ż Ernesta
23%
ż Erwina
21%
ż Edmunda
19%
m Eliasz
16%
ż Emanuela
16%
m Edwin
14%
m Edgar
12%
z Edwina
12%
m Edyp
12%
ż Esmeralda
9%
ż Ewangelina
2%
Nie znaleziono quizów pasujących do podanych kryteriów
Rozkład punktacji
Procent ludzi z każdym wynikiem
Percentyl według liczby udzielonych odpowiedzi
Twoja historia wyników
Nie rozwiązałeś tego quizu